01685agaaa2200313 45000010005000000030009000050050017000140070009000310080040000400400023000800410013001031000049001161300031001652400021001962450228002172460014004452500022004592600145004813000033006265080178006595110091008375200181009285380016011095460013011256500056011387000055011947000061012497000061013106210IT-RoPAU20220918181231.0d cvaizq50131s9999||||xx ||| | || ||und|| aIT-RoPAUcIT-RoPAU aITALIANO aPontecorvo GillogCodice regista SPICS: 2421 aGRANDE STRADA AZZURRA (LA) aSQUARCIO'gT1839 aGRANDE STRADA AZZURRA (LA)cProdotto da: Malenotti Maleno -- Sceneggiatura: Solinas Franco De Concini Ennio Pontecorvo Gillo -- Diretto da: Pontecorvo GillopGRANDE STRADA AZZURRA (LA) (Rif. Codice opera principale : 26210) aSQUARCIO' aEdizione Standard aROMA - PARIGI - MONACO (ITALIA-FRANCIA)bGE.S.L. - PLAY ART - EICHBERG / Distribuzione: RAIg"1957 (1° ed.: 1984 ; Ed. Lingua Orig.: 1957)" aVHSbsonoro, col.c95 minuti a"Fotografia: Montuori Mario; Montaggio: Da Roma Eraldo; Musica: Franci Carlo; Sceneggiatura: Solinas Franco De Concini Ennio Pontecorvo Gillo; Scenografia: Gherardi Piero; " a"Rabal Francisco; Girotti Mario; Ranchi Federica; Carsten Peter; Valli Alida; Montand" aTRA I POVERI PESCATORI DELL'ARCIPELAGO SQUARCIO' CHE PRATICA ABUSIVAMENTE LA PESCA CON BOMBE ESPLOSIVE E' L'UNICO CHE GODA DI UNA CERTA AGIATEZZA PESCA ABUSIVA AMORE DRAMMATICO aPAL, STEREO aITALIANO aDRAMMATICOeFILMS [VHS]xCodice MATERIA SPICS: 9960 aFranci Carloe(musica)gCodice Musica SPICS: 30955 aPontecorvo Gillo e(regista)gCodice regista SPICS: 2421 aSolinas Franco e(soggetto)gCodice Soggetto SPICS: 1140